| 000 | 00402cam a2200169ua 4500 | ||
|---|---|---|---|
| 020 | _c22.50 | ||
| 041 |
_aeng _h |
||
| 082 |
_a823.308 _bFAU/WI |
||
| 100 | _aFaulknen, William . | ||
| 245 |
_aMansion / _cWilliam Faulknen. _hTextual Documents |
||
| 260 |
_aLondon : _bChatto and Windus , _c1965. |
||
| 300 | _a399 ; . | ||
| 365 | _a22.50 | ||
| 504 | _a | ||
| 942 | _cBK | ||
| 999 |
_c4157 _d4157 |
||